Detalles MARC
| 000 -CABECERA |
| fixed length control field |
02045Cam#a2200385#a#4500 |
| 003 - CONTROL NUMBER IDENTIFIER |
| control field |
AR-BeUNQ |
| 005 - FECHA Y HORA DE LA ULTIMA TRANSACCION |
| control field |
20251201193802.0 |
| 008 - ELEMENTOS DE LONGITUD FIJA-INFORMACION GENERAL |
| fixed length control field |
251201s2015 ag ado j f 000 0 spa d |
| 020 ## - NUMERO INTERNACIONAL NORMALIZADO PARA LIBROS |
| Número Internacional Normalizado del libro |
978950131360 |
| 040 ## - FUENTE DE CATALOGACION |
| Agencia de catalogación original |
AR-BeUNQ |
| Idioma de catalogación |
ESPAÑOL |
| Convenciones de la descripción |
aacr |
| Agencia que realiza la transcripción |
AR-BeUNQ |
| 082 04 - NUMERO DE CLASIFICACION DECIMAL DEWEYMBER |
| Número de clasificación |
507 |
| Número de la edición |
21 |
| 245 00 - MENCION DE TITULO |
| Título |
Ciencias naturales / |
| Mención de responsabilidad, etc |
Patricia Alberico... [et al.] |
| 260 ## - PUBLICACION, DISTRIBUCION, ETC. |
| Lugar de publicación, distribución, etc. |
San Isidro : |
| Nombre del editor, distribuidor, etc. |
Estrada, |
| Fecha de publicación, distribución, etc |
c2021. |
| 300 ## - DESCRIPCION FISICA |
| Extensión |
256 p. : |
| Otros detalles físicos |
il., fot., tablas, gráficos ; |
| Dimensiones |
28 cm. |
| 490 1# - MENCION DE SERIE |
| Mención de serie |
Fundamentales |
| 505 0# - NOTA DE CONTENIDO |
| Nota de contenido con formato preestablecido |
cap. 1. La materia y sus propiedades -- cap. 2. Las mezclas -- cap. 3. El agua -- cap. 4. La energía -- cap. 5. Los intercambios de energía -- cap. 6. Fuerzas y movimientos -- cap. 7. El sistema solar -- cap. 8. La tierra y sus recursos -- cap. 9. Los seres vivos -- cap. 10. Los seres vivos autótrofos -- cap. 11. Los seres vivos heterótrofos -- cap. 12. Los ecosistemas -- cap. 13. El organismo humano -- cap. 14. El sistema genital humano y la función de reproducción -- cap. 15. La alimentación y la salud. |
| 650 #7 - ASIENTO SECUNDARIO DE MATERIA - TERMINO TEMATICO |
| Término temático o nombre geográfico como elemento de entrada |
Ciencias físicas y naturales |
| Fuente del encabezamiento o términ |
spines |
| 650 #7 - ASIENTO SECUNDARIO DE MATERIA - TERMINO TEMATICO |
| Término temático o nombre geográfico como elemento de entrada |
Química |
| Fuente del encabezamiento o términ |
spines |
| 650 #7 - ASIENTO SECUNDARIO DE MATERIA - TERMINO TEMATICO |
| Término temático o nombre geográfico como elemento de entrada |
Física |
| Fuente del encabezamiento o términ |
spines |
| 650 #7 - ASIENTO SECUNDARIO DE MATERIA - TERMINO TEMATICO |
| Término temático o nombre geográfico como elemento de entrada |
Astronomía |
| Fuente del encabezamiento o términ |
spines |
| 650 #7 - ASIENTO SECUNDARIO DE MATERIA - TERMINO TEMATICO |
| Término temático o nombre geográfico como elemento de entrada |
Biología |
| Fuente del encabezamiento o términ |
spines |
| 650 #7 - ASIENTO SECUNDARIO DE MATERIA - TERMINO TEMATICO |
| Término temático o nombre geográfico como elemento de entrada |
Fisiología |
| Fuente del encabezamiento o términ |
spines |
| 650 #7 - ASIENTO SECUNDARIO DE MATERIA - TERMINO TEMATICO |
| Término temático o nombre geográfico como elemento de entrada |
Enseñanza media |
| Fuente del encabezamiento o términ |
spines |
| 650 #7 - ASIENTO SECUNDARIO DE MATERIA - TERMINO TEMATICO |
| Término temático o nombre geográfico como elemento de entrada |
Manuales |
| Fuente del encabezamiento o términ |
spines |
| 700 1# - ASIENTO SECUNDARIO - NOMBRE DE PERSONA |
| Personal name |
Alberico, Patricia, |
| Relator term |
autora |
| Relationship |
aut |
| 700 1# - ASIENTO SECUNDARIO - NOMBRE DE PERSONA |
| Personal name |
Gellon, Gabriel, |
| Relator term |
colaborador |
| Relationship |
oth |
| 700 1# - ASIENTO SECUNDARIO - NOMBRE DE PERSONA |
| Personal name |
Golombek, Diego, |
| Relator term |
colaborador |
| Relationship |
oth |
| 830 #0 - ASIENTO SECUNDARIO DE SERIE--TITULO UNIFORME |
| Título uniforme |
Fundamentales (Estrada). |
| 929 ## - DATOS DE ADQUISICION |
| Procedencia |
COMPRA |
| Proveedor |
Marcos Buchin |
| Orden de compra |
Compra 2025 Exp. 827-1393/2025 |
| Precio |
29900 |
| Fecha de recibido |
2025 |
| Patrimonio UNQ |
PAT0084529 |
| Número de inventario |
63649 |
| Es copia |
1 |
| 929 ## - DATOS DE ADQUISICION |
| Procedencia |
COMPRA |
| Proveedor |
Marcos Buchin |
| Orden de compra |
Compra 2025 Exp. 827-1393/2025 |
| Precio |
29900 |
| Fecha de recibido |
2025 |
| Patrimonio UNQ |
PAT0084530 |
| Número de inventario |
63650 |
| Es copia |
2 |
| 929 ## - DATOS DE ADQUISICION |
| Procedencia |
COMPRA |
| Proveedor |
Marcos Buchin |
| Orden de compra |
Compra 2025 Exp. 827-1393/2025 |
| Precio |
29900 |
| Fecha de recibido |
2025 |
| Patrimonio UNQ |
PAT0084531 |
| Número de inventario |
63651 |
| Es copia |
3 |
| 929 ## - DATOS DE ADQUISICION |
| Procedencia |
COMPRA |
| Proveedor |
Marcos Buchin |
| Orden de compra |
Compra 2025 Exp. 827-1393/2025 |
| Precio |
29900 |
| Fecha de recibido |
2025 |
| Patrimonio UNQ |
PAT0084532 |
| Número de inventario |
63652 |
| Es copia |
4 |
| 929 ## - DATOS DE ADQUISICION |
| Procedencia |
COMPRA |
| Proveedor |
Marcos Buchin |
| Orden de compra |
Compra 2025 Exp. 827-1393/2025 |
| Precio |
29900 |
| Fecha de recibido |
2025 |
| Patrimonio UNQ |
PAT0084533 |
| Número de inventario |
63653 |
| Es copia |
5 |
| 942 ## - ELEMENTOS DE PUNTO DE ACCESO ADICIONAL (KOHA) |
| Tipo de ítem Koha |
Libros |
| Suppress in OPAC |
0 |